Indian journal of dermatology

Bibliographic Details
Format: Electronic Journal
Language:English
Published: Calcutta : [publisher not identified]
Mumbai : Medknow
Subjects:
Online Access:Full text available from Research Library: 01/01/2008 to present

MARC

LEADER 00000nas a2200000 a 4500
001 ssj0043181
003 WaSeSS
005 20200512172242.0
006 m d
007 cr n
008 060426c19559999ii qr pss 0 0eng c
010 |a  2011250543 
016 7 |a 0370750  |2 DNLM 
016 7 |a I09320000  |2 DNLM 
022 |a 1998-3611  |l 0019-5154  |y 0019-5154 
030 |a IJDEAA 
035 |a (WaSeSS)ssj0043181 
040 |a OCLCS  |b eng  |c OCLCS  |d OCLCS  |d OCLCQ  |d BUF  |d AUD  |d OCLCQ  |d OCLCF  |d OCLCQ  |d OCLCO  |d OCLCQ  |d WY@  |d AU@  |d WYU  |d VT2  |d OCLCE  |d SFB  |d CEF  |d CSU  |d UAB  |d LIP  |d XFH  |d WT2  |d OCLCO  |d OCLCA  |d WaSeSS 
042 |a pcc 
050 4 |a RL1 
060 0 0 |a W1  |b IN2075 
082 0 4 |a 616.5005 
130 0 |a Indian journal of dermatology (Online) 
210 1 0 |a Indian J Dermatol 
245 1 0 |a Indian journal of dermatology  |h [electronic resource]. 
260 |3 <1955-2004> :  |a Calcutta :  |b [publisher not identified] 
260 3 |3 <2005-> :  |a Mumbai :  |b Medknow 
310 |a Quarterly 
362 1 |a Print began with Oct. 1955. 
506 |a License restrictions may limit access. 
538 |a Mode of access: World Wide Web. 
588 0 |a Print version record. 
588 1 |a V. 44, issue 4 (Oct.-Dec. 2010) (publisher's Web site, viewed Feb. 23, 2011). 
650 0 |a Dermatology  |v Periodicals. 
650 0 |a Skin  |x Diseases  |v Periodicals. 
650 2 |a Dermatology. 
650 2 |a Skin Diseases. 
650 7 |a Dermatology.  |2 fast  |0 (OCoLC)fst00891059 
650 7 |a Skin  |x Diseases.  |2 fast  |0 (OCoLC)fst01120068 
655 0 |a Electronic journals. 
776 0 8 |i Print version:  |t Indian journal of dermatology  |x 0019-5154  |w (DLC)sn 82004536  |w (OCoLC)1715007 
856 4 0 |z Full text available from Research Library: 01/01/2008 to present  |u https://search.proquest.com/publication/226514